Pays utilisant l'Euro comme monnaie - Statistiques

Statistiques générales
  • Ce quiz a été pris 174 fois
  • Le résultat moyen est 17 sur 20
Statistiques - réponses
Réponse % Correct
Allemagne
99%
France
99%
Italie
98%
Espagne
97%
Belgique
95%
Portugal
95%
Croatie
89%
Grèce
89%
Autriche
86%
Luxembourg
86%
Pays Bas
86%
Estonie
84%
Finlande
84%
Lettonie
82%
Lituanie
81%
Slovénie
80%
Slovaquie
79%
Irlande
75%
Malte
68%
Chypre
56%
Aucun quiz correspondant
Distribution des résultats
% des personnes avec chaque résultat
Percentile par nombre de réponses
Votre historique - résultats
Vous n’avez pas pris ce quiz